000 00568nam a2200205 a 4500
999 _c7544
_d7544
001 7544
003 BD-JhCC
005 20180219103802.0
008 180211s1967 ii |||| |||| 000 0 eng d
035 _a(BD-JhCC)
040 _aBD-JhCC
_dBD-JhCC
041 _aeng
082 _a428.2
_b1967
245 _aExcercises in English Composition /
_cEnglish Department, Lucknow University
260 _aIndia:
_bOxfor University Press,
_c1967
300 _a183 p;,
_c20 cm
650 _aEnglish language
710 _aEnglish Department, Lucknow University
942 _2ddc
_cBK